000 00534nam a2200181Ia 4500
005 20250423094521.0
008 250422s9999 xx 000 0 und d
020 _a0801645107
050 _aRD 661 .A75/
100 _aSessions, D. G... [ et al]
245 0 _aAtlas of access and recrunstrution in head and neck surgery
260 _aSt. Louis
260 _bMosby
260 _c1992
300 _a276 p
650 _aHead - Tumors - surgery - Atlases Neck - Tumors - surgery - Atlases Surgical, Plastic - Atlases
942 _cBK
999 _c27471
_d27471